Allgemeinwissen-Quiz #31 - Statistiken

Allgemein
  • Dieses Quiz wurde 62 mal gespielt
  • Das Durchschnittsergebnis liegt bei 10 aus 20
Antwortstatistiken
Frage Antwort % Korrekt
Von wem stammt das Lied "Billie Jean"? Michael Jackson
89%
Stimmt es, dass Niedersachsen flächenmässig grösser ist als Baden-Württemberg? Ja
72%
Paris–Roubaix ist ein bekanntes? Radrennen
70%
Wie heisst Autor der berühmten Comicreihe "Tim und Struppi"? Hergé
66%
Aus welcher Sportart ist Stefanos Tsitsipas bekannt? Tennis
66%
In welchem Jahr wurde das Videospiel Pong veröffentlicht? 1972
62%
Wie hoch ist der Burj Khalifa, das derzeit höchste Gebäude der Welt? 828 m
57%
Wer schrieb das Buch Hillbilly-Elegie? J.D. Vance
55%
Wer spielt die Hauptrolle des Steve im kürzlich veröffentlichten Minecraft-Film (2025)?​ Jack Black
53%
Auf welchem Kontinent liegt das Land Belize? Nordamerika
53%
Von welcher US-Spezialeinheit wurde Osama bin Laden im Jahr 2011 getötet? Navy SEAL Team 6
47%
Was gehört nicht in einen klassischen Long Island Ice Tea? Whiskey
47%
Welches der folgenden Länder grenzt nicht an das Kaspische Meer? Armenien
45%
Wer ist Stand März 2025 der Vorsitzende der US-Notenbank? Jerome Powell
45%
Welche beiden kriminellen Gangs sind besonders berüchtigt in El Salvador? MS-13 & Barrio 18
45%
Welche dieser Positionen gibt es nicht im Basketball? Defensive Back
40%
Was stellt das Schweizer Unternehmen Trisa hauptsächlich her? Zahnbürsten
32%
Welches ist die grösste Maschine der Welt? Large Hadron Collider
25%
Was ist ungefähr die mittlere Orbitalgeschwindigkeit des Planeten Saturn? 9.68 km/s
17%
Welches Land ausser der Schweiz und Liechtenstein benützt ebenfalls den Steckertyp J? Ruanda
15%
Keine übereinstimmenden Quizze gefunden
Verteilung der Resultate
Anzahl Personen mit jedem Resultat
Perzentil nach korrekt beantworteten Fragen
Ihre Resultats-Entwicklung
Sie haben dieses Quiz noch nicht gespielt